One slam wonders since 2015 - Statistics

General Stats
  • This quiz has been taken 1,243 times
    37 since last reset
  • The average score is 8 of 11
Answer Stats
Hint Country Answer % Correct
2021 US Open Daniil Medvedev
97%
2020 US Open Dominic Thiem
97%
2021 US Open Emma Raducanu
86%
2018 Australian Open Caroline Wozniacki
81%
2017 French Open Jelena Ostapenko
81%
2025 Australian Open Madison Keys
81%
2015 US Open Flavia Pennetta
72%
2017 US Open Sloane Stephens
64%
2019 US Open Bianca Andreescu
61%
2023 Wimbledon Markéta Vondroušová
56%
2020 Australian Open Sofia Kenin
56%
No matching quizzes found
Score Distribution
Percent of People with Each Score
Percentile by Number Answered
Your Score History
You have not taken this quiz since the last reset